Normal view
MARC view
Entry Personal Name
001 - CONTROL NUMBER
- control field: 1020468
003 - CONTROL NUMBER IDENTIFIER
- control field: OSt
005 - DATE AND TIME OF LATEST TRANSACTION
- control field: 20260121155521.0
008 - FIXED-LENGTH DATA ELEMENTS
- fixed length control field: 260121|| aca||aabn | a|a d
040 ## - CATALOGING SOURCE
- Original cataloging agency: OSt
- Transcribing agency: OSt
100 ## - HEADING--PERSONAL NAME
- Personal name: Cinzia Pica-Smith; Rina Manuela Contini; Carmen N. Veloria
670 ## - SOURCE DATA FOUND
- Source citation: Work cat.: (OSt)1587287: Cinzia Pica-Smith; Rina Manuela Contini; Carmen N. Veloria , Social Justice Education in European Multi-ethnic Schools
